| 000 | 00659nam a2200253Ia 4500 | ||
|---|---|---|---|
| 008 | 180523s9999 xx 000 0 und d | ||
| 020 | _a0-07-046504-5 | ||
| 050 | _aMAIN HD 58.7 | ||
| 050 | _b.N49 1997 | ||
| 100 | _aNewstrom, John W. | ||
| 245 | 0 | _aOrganizational behavior : | |
| 245 | 0 | _bhuman behavior at work / | |
| 245 | 0 | _cJohn W. Newstrom, Keith Davis. | |
| 250 | _a10th Edition | ||
| 260 | _aNew York : | ||
| 260 | _bMcGraw-Hill, | ||
| 260 | _c1997 | ||
| 300 | _a610 pages : | ||
| 300 | _billustrations ; | ||
| 300 | _c25 cm. | ||
| 500 | _aIncludes index. | ||
| 650 | _aOrganizational behavior. | ||
| 650 | _xIndustrial sociology. | ||
| 999 |
_c356918 _d356918 |
||